Reformy v oblasti priamych daní v SR a ich vplyv na fyzické osoby bakalárska práca

Salvato in:
Dettagli Bibliografici
Autore principale: Csibaová, Kinga
Ente Autore: Národohospodárska fakulta EU. Katedra financií
Altri autori: Hudoková, Kristína
Natura: Libro
Lingua:slovacco
Pubblicazione: Bratislava 2015
Tags: Aggiungi Tag
Nessun Tag, puoi essere il primo ad aggiungerne!!

MARC

LEADER 00000nbm a2200000 4500
001 0206382
005 20170317095120.2
041 0 |a slo 
044 |a SK 
245 1 0 |a Reformy v oblasti priamych daní v SR a ich vplyv na fyzické osoby  |b bakalárska práca  |c Kinga Csibaová ; školiteľ: Kristína Hudoková 
264 1 |a Bratislava  |c 2015 
300 |a 52 s. 
100 1 |a Csibaová, Kinga 
700 1 |a Hudoková, Kristína 
710 2 |a Národohospodárska fakulta EU. Katedra financií